00404 2200169 4500245003800000020002200038250001100060100002100071700002100092650001700113005001900130260002800149041001400177084001100191300002300202336000900225 aDifferentcKadek PingetaniahText a978-602-452-343-5 aCet. 3 aKadek Pingetania aTim Editor Fiksi aNovel Remaja a20230307082720 aJakartabGrasindoc2018 aIndonesia a808.83 a259 hlm. :c19 cm. atext